000 00319nam a22001457a 4500
003 SGT
082 _a616.024
_bM16M
100 _aMATHEW, K. HEORGE
245 _aMEDICINE PREP MANUAL FOR UG
260 _aINDIA
_bELSEVIER
_c2016
300 _a1009
650 _aHOMOEOPATHIC
653 _aPREP MANUAL
942 _2ddc
_cBK
999 _c18521
_d18521